[Event "Rottach Egern Seniors Cup 13th"]
[Site "Rottach Egern"]
[Date "2025.04.02"]
[Round "5"]
[White "Wirfs, Joachim"]
[Black "Abel, Hans Peter"]
[Result "1/2-1/2"]
[WhiteElo "1918"]
[BlackElo "1798"]
[PlyCount "38"]
[EventDate "2025.03.29"]
[EventType "swiss"]
[EventRounds "9"]
[EventCountry "GER"]
[SourceTitle "CB16_2025"]
[SourceDate "2025.04.16"]
[SourceVersion "1"]
[SourceVersionDate "2025.04.16"]
[SourceQuality "1"]

1. d4 Nf6 2. c4 c5 3. d5 b5 4. cxb5 a6 5. b6 Qxb6 6. Nc3 d6 7. e4 g6 8. h3 Bg7 9. Nf3 0-0 10. Bd3 e6 11. 0-0 Bb7 12. Bc2 exd5 13. exd5 Nbd7 14. Bb3 Qc7 15. Bg5 Nb6 16. Bxf6 Bxf6 17. Qd2 Rae8 18. a4 Re7 19. a5 Nd7 1/2-1/2

[Event "Rottach Egern Seniors Cup 13th"]
[Site "Rottach Egern"]
[Date "2025.03.31"]
[Round "3"]
[White "Wirfs, Joachim"]
[Black "Bausch, Jean"]
[Result "1-0"]
[WhiteElo "1918"]
[BlackElo "1809"]
[PlyCount "79"]
[EventDate "2025.03.29"]
[EventType "swiss"]
[EventRounds "9"]
[EventCountry "GER"]
[SourceTitle "CB16_2025"]
[SourceDate "2025.04.16"]
[SourceVersion "1"]
[SourceVersionDate "2025.04.16"]
[SourceQuality "1"]

1. d4 Nf6 2. c4 e6 3. Nc3 b6 4. e4 d6 5. Bd3 e5 6. d5 Be7 7. Nge2 0-0 8. 0-0 Bg4 9. f3 Bh5 10. Be3 Bg6 11. a3 Ne8 12. f4 Bh5 13. f5 Bg5 14. Qd2 Bxe3+ 15. Qxe3 Bxe2 16. Nxe2 Nf6 17. Qh3 Nbd7 18. b4 h6 19. Rac1 Nh7 20. Kh1 Ng5 21. Qg3 Nf6 22. Qe3 Nd7 23. h4 Nh7 24. g3 Qe7 25. Kh2 Nhf6 26. Kh3 h5 27. Qg5 Kh7 28. Rg1 Rae8 29. Nc3 a6 30. Be2 g6 31. Rcf1 Rg8 32. Rg2 Rg7 33. fxg6+ fxg6 34. Rgf2 Ng8 35. g4 Nh6 36. gxh5 gxh5 37. Qxh5 Reg8 38. Bg4 Nf8 39. Bf5+ Ng6 40. Bxg6+ 1-0

[Event "Mittelrhein Verbandsliga Ost 1415"]
[Site "Mittelrhein"]
[Date "2015.03.15"]
[Round "9.7"]
[White "Grund, Harald"]
[Black "Wirfs, Joachim"]
[Result "1/2-1/2"]
[WhiteElo "1873"]
[BlackElo "1889"]
[PlyCount "51"]
[EventDate "2014.09.07"]
[EventType "team-tourn"]
[EventRounds "11"]
[EventCountry "GER"]
[SourceTitle "EXT 2023"]
[Source "ChessBase"]
[SourceDate "2022.10.05"]
[SourceVersion "1"]
[SourceVersionDate "2022.10.05"]
[SourceQuality "1"]
[WhiteTeam "Bonn Stadtverwaltung"]
[BlackTeam "Koeln Lasker II"]
[WhiteTeamCountry "GER"]
[BlackTeamCountry "GER"]

1. e4 c5 2. Nf3 d6 3. Bb5+ Bd7 4. Bxd7+ Qxd7 5. c4 Nc6 6. d4 cxd4 7. Nxd4 Nf6 8. Nc3 g6 9. f3 Bg7 10. Be3 0-0 11. Qd2 Rfc8 12. b3 a6 13. Na4 Qd8 14. 0-0 Rab8 15. Rac1 Ne5 16. Nc3 Nfd7 17. Kh1 Nc5 18. Qe2 Nc6 19. Rfd1 Ne6 20. Nxe6 fxe6 21. c5 Qf8 22. Na4 Be5 23. Nb6 Rd8 24. Nc4 Bg7 25. cxd6 exd6 26. Bb6 1/2-1/2

[Event "Mittelrhein Verbandsliga Ost 1415"]
[Site "Mittelrhein"]
[Date "2015.01.11"]
[Round "6.8"]
[White "Bernhardt, Thomas"]
[Black "Wirfs, Joachim"]
[Result "1-0"]
[WhiteElo "1613"]
[BlackElo "1889"]
[PlyCount "65"]
[EventDate "2014.09.07"]
[EventType "team-tourn"]
[EventRounds "11"]
[EventCountry "GER"]
[SourceTitle "EXT 2023"]
[Source "ChessBase"]
[SourceDate "2022.10.05"]
[SourceVersion "1"]
[SourceVersionDate "2022.10.05"]
[SourceQuality "1"]
[WhiteTeam "Euskirchen Turm"]
[BlackTeam "Koeln Lasker II"]
[WhiteTeamCountry "GER"]
[BlackTeamCountry "GER"]

1. d4 Nf6 2. c4 e6 3. Nc3 Bb4 4. Nf3 c5 5. d5 exd5 6. cxd5 d6 7. Bg5 h6 8. Bh4 g5 9. Bg3 Ne4 10. Qd3 Bf5 11. Nd2 Nxg3 12. Qxg3 Qf6 13. e4 Bg6 14. Bb5+ Kf8 15. 0-0 a6 16. Bd3 Bxc3 17. bxc3 Qxc3 18. Nc4 b5 19. Qxd6+ Kg7 20. Ne5 c4 21. Nxg6 fxg6 22. Qe7+ Kg8 23. e5 Qxd3 24. Qb7 Qd4 25. Qxa8 Qxe5 26. Qb7 Qf4 27. Rfe1 Qf8 28. d6 Rh7 29. Qd5+ Kh8 30. Re6 Nd7 31. Rae1 Nf6 32. Rxf6 Qxf6 33. Re8+ 1-0

[Event "Mittelrhein Verbandsliga Ost 1415"]
[Site "Mittelrhein"]
[Date "2014.11.09"]
[Round "4.7"]
[White "Wirfs, Joachim"]
[Black "Both, David"]
[Result "0-1"]
[WhiteElo "1858"]
[BlackElo "1861"]
[PlyCount "118"]
[EventDate "2014.09.07"]
[EventType "team-tourn"]
[EventRounds "11"]
[EventCountry "GER"]
[SourceTitle "EXT 2023"]
[Source "ChessBase"]
[SourceDate "2022.10.05"]
[SourceVersion "1"]
[SourceVersionDate "2022.10.05"]
[SourceQuality "1"]
[WhiteTeam "Koeln Lasker II"]
[BlackTeam "Troisdorf"]
[WhiteTeamCountry "GER"]
[BlackTeamCountry "GER"]

1. d4 d5 2. Nf3 Nf6 3. c4 c6 4. Nc3 dxc4 5. a4 Bf5 6. e3 e6 7. Bxc4 Bb4 8. 0-0 0-0 9. Qe2 Bg6 10. Rd1 Bh5 11. e4 Bxc3 12. bxc3 Qa5 13. Bd2 Nbd7 14. Bd3 e5 15. c4 Qc7 16. Bc3 Rfe8 17. Qc2 exd4 18. Bxd4 Bxf3 19. gxf3 Qf4 20. Be2 Ne5 21. Qc3 Re6 22. Kh1 Nh5 23. Be3 Qf6 24. Rg1 Nf4 25. Bf1 Qh4 26. Bxf4 Qxf4 27. Rg3 Rf6 28. Be2 Rd8 29. Rag1 g6 30. h3 h5 31. Rd1 Rxd1+ 32. Bxd1 h4 33. Rg2 Nxf3 34. Qe3 Qxe3 35. fxe3 Ne5 36. Be2 Rd6 37. Rf2 Rd2 38. Kg2 Rc2 39. Bf1 Rxf2+ 40. Kxf2 Nd7 41. Bd3 Ne5 42. Be2 Kf8 43. Ke1 Ke7 44. Kd2 Kd6 45. Kc3 Kc5 46. Kb3 g5 47. Kc3 g4 48. hxg4 h3 49. Bf1 h2 50. Bg2 Nxg4 51. Kd2 Nf2 52. Ke2 h1Q 53. Bxh1 Nxh1 54. Kf3 Kxc4 55. Kg2 Kd3 56. Kf3 f6 57. Kg2 Kxe4 58. Kxh1 Kxe3 59. Kg1 b5 0-1

[Event "Brasschaat op 13th"]
[Site "Brasschaat"]
[Date "2013.08.18"]
[Round "2"]
[White "Zhao, Xue"]
[Black "Wirfs, Joachim"]
[Result "1-0"]
[WhiteElo "2562"]
[BlackElo "1949"]
[PlyCount "87"]
[EventDate "2013.08.17"]
[EventType "swiss"]
[EventRounds "9"]
[EventCountry "BEL"]
[SourceTitle "CBM 156 Extra"]
[Source "ChessBase"]
[SourceDate "2013.10.22"]
[SourceVersion "1"]
[SourceVersionDate "2013.10.22"]
[SourceQuality "1"]

1. c4 Nf6 2. d4 e6 3. Nf3 b6 4. g3 Ba6 5. Qa4 Bb7 6. Bg2 Be7 7. 0-0 0-0 8. Rd1 d5 9. cxd5 Bxd5 10. Nc3 Bb7 11. Qc2 Na6 12. e4 Nb4 13. Qb1 Qc8 14. a3 Na6 15. Bf4 Rd8 16. Ne5 c5 17. d5 exd5 18. exd5 Nh5 19. Be3 Bd6 20. Nc6 Re8 21. Ne4 Bf8 22. Qd3 Qd7 23. Bf3 Bxc6 24. dxc6 Qxd3 25. Rxd3 Nf6 26. Nxf6+ gxf6 27. Rd7 Re7 28. Rad1 Nc7 29. Rxe7 Bxe7 30. Rd7 Bd8 31. Bh5 Rc8 32. Bh6 f5 33. Rxf7 Ne6 34. Rxf5 Ng7 35. Bf7+ Kh8 36. Rd5 Bf6 37. Rd6 Be5 38. Rd2 Bd4 39. Bd5 Nf5 40. Bf4 Re8 41. c7 h5 42. Bb7 Re1+ 43. Kg2 Ne7 44. Bd6 1-0

[Event "Bad Godesberg op 15th"]
[Site "Bad Godesberg"]
[Date "2011.07.26"]
[Round "4"]
[White "Wirfs, Joachim"]
[Black "Schwab, Wolfgang"]
[Result "1/2-1/2"]
[WhiteElo "1805"]
[BlackElo "1686"]
[PlyCount "93"]
[EventDate "2011.07.23"]
[EventType "swiss"]
[EventRounds "9"]
[EventCountry "GER"]
[SourceTitle "EXT 2017"]
[Source "ChessBase"]
[SourceDate "2016.10.25"]
[SourceVersion "1"]
[SourceVersionDate "2016.10.25"]
[SourceQuality "1"]

1. d4 e6 2. Nf3 f5 3. c4 Nf6 4. Nc3 Be7 5. Bf4 c6 6. e3 d5 7. Bd3 0-0 8. 0-0 Ne4 9. Be5 Nd7 10. Rc1 Ndf6 11. Nd2 Bd6 12. f3 Nxd2 13. Qxd2 Bxe5 14. dxe5 Nd7 15. cxd5 Nxe5 16. Be2 exd5 17. Qd4 Ng6 18. Na4 Qf6 19. Qd2 b6 20. e4 d4 21. b4 Rd8 22. Qc2 Nf4 23. Bd3 Be6 24. a3 Nxd3 25. Qxd3 b5 26. Nb2 Rac8 27. Kh1 a6 28. Rc5 g6 29. Rfc1 Qg5 30. R1c2 Qe3 31. Qxe3 dxe3 32. R5c3 Rd2 33. Rxd2 exd2 34. Rd3 fxe4 35. fxe4 c5 36. bxc5 Rxc5 37. Rxd2 Rc1+ 38. Rd1 Rc3 39. Rd3 Rc2 40. Nd1 Rc1 41. h3 Bb3 42. Rxb3 Rxd1+ 43. Kh2 Re1 44. Rb4 Ra1 45. Rb3 Re1 46. Rb4 Ra1 47. Rb3 1/2-1/2

[Event "Schwarzach op-B"]
[Site "Schwarzach"]
[Date "2009.08.16"]
[Round "2"]
[White "Wirfs, Joachim"]
[Black "Niemers, Johannes"]
[Result "1-0"]
[WhiteElo "1986"]
[BlackElo "2008"]
[PlyCount "134"]
[EventDate "2009.08.15"]
[EventType "swiss"]
[EventRounds "9"]
[EventCountry "AUT"]
[SourceTitle "CBM 132 Extra"]
[Source "ChessBase"]
[SourceDate "2009.11.03"]
[SourceVersion "1"]
[SourceVersionDate "2009.11.03"]
[SourceQuality "1"]

1. d4 d5 2. Nf3 Nf6 3. c4 e6 4. Nc3 c6 5. Bg5 Nbd7 6. cxd5 exd5 7. e3 h6 8. Bh4 g5 9. Bg3 Nh5 10. Be2 Nxg3 11. hxg3 Bg7 12. Nd2 Nf6 13. Rc1 Bf5 14. Nb3 Qe7 15. Nc5 0-0 16. 0-0 Rfe8 17. a4 Rad8 18. g4 Bc8 19. a5 b6 20. axb6 axb6 21. Nd3 Nd7 22. Qa4 Nb8 23. Ra1 c5 24. dxc5 bxc5 25. Qa7 Qxa7 26. Rxa7 d4 27. Nd1 Bf8 28. Nc1 Nc6 29. Rc7 Ne5 30. exd4 cxd4 31. Bb5 Re7 32. Rxe7 Bxe7 33. f3 Rd5 34. Bd3 Nxd3 35. Nxd3 Ba6 36. N1f2 Bd6 37. Ra1 Bc4 38. Ra8+ Bf8 39. Rb8 Kg7 40. Re8 Bd6 41. Rc8 Ba6 42. Rc6 Bb5 43. Rc2 Ba4 44. Rc4 Bb3 45. Rc6 Ba4 46. Rc4 Bd7 47. Rc2 f5 48. gxf5 Bxf5 49. Rc6 Bf4 50. Nxf4 gxf4 51. b4 Bd7 52. Rc5 Rxc5 53. bxc5 Kf6 54. Nd3 Bf5 55. Nxf4 Ke5 56. g3 d3 57. Kf2 Kd4 58. c6 d2 59. Ke2 Kc3 60. Nd5+ Kc2 61. Ne3+ Kc1 62. c7 Bc8 63. Kd3 d1Q+ 64. Nxd1 Kxd1 65. Ke4 Ke2 66. f4 h5 67. f5 Kf2 1-0

[Event "Muensterland op 25th"]
[Site "Senden"]
[Date "2007.09.29"]
[Round "1"]
[White "Thesing, Matthias"]
[Black "Wirfs, Joachim"]
[Result "1-0"]
[WhiteElo "2393"]
[BlackElo "1984"]
[PlyCount "61"]
[EventDate "2007.09.29"]
[EventType "swiss"]
[EventRounds "9"]
[EventCountry "GER"]
[SourceTitle "EXT 2008"]
[Source "ChessBase"]
[SourceDate "2007.11.25"]
[SourceVersion "1"]
[SourceVersionDate "2007.11.25"]
[SourceQuality "1"]

1. e4 d5 2. exd5 Qxd5 3. Nc3 Qd6 4. d4 Nf6 5. Bg5 Nc6 6. d5 Nb4 7. Bb5+ Bd7 8. Bxd7+ Qxd7 9. Bxf6 gxf6 10. a3 Na6 11. Qh5 Rg8 12. g3 h6 13. Qe2 0-0-0 14. 0-0-0 Nc5 15. Qe3 b6 16. Nge2 e5 17. dxe6 Qxe6 18. Rxd8+ Kxd8 19. Qf3 Rg6 20. Nf4 Qg4 21. Qa8+ Qc8 22. Qd5+ Qd7 23. Nxg6 fxg6 24. Qg8 Qg7 25. Rd1+ Nd7 26. Qd5 Bd6 27. Nb5 Be5 28. f4 Bd6 29. Qa8+ Ke7 30. Nxd6 cxd6 31. Re1+ 1-0

[Event "Leverkusen-ch op"]
[Site "Leverkusen"]
[Date "2005.01.31"]
[Round "3"]
[White "Wirfs, Joachim"]
[Black "Jankowiak, Frank"]
[Result "1/2-1/2"]
[WhiteElo "2033"]
[BlackElo "1748"]
[PlyCount "36"]
[EventDate "2005.01.10"]
[EventType "swiss"]
[EventRounds "9"]
[EventCountry "GER"]
[SourceTitle "EXT 2006"]
[Source "ChessBase"]
[SourceDate "2005.11.24"]
[SourceVersion "1"]
[SourceVersionDate "2005.11.24"]
[SourceQuality "1"]

1. d4 d5 2. Nf3 e6 3. c4 Nf6 4. Nc3 dxc4 5. Bg5 Be7 6. e4 c5 7. Bxc4 cxd4 8. Nxd4 0-0 9. 0-0 e5 10. Ndb5 Nbd7 11. Bxf6 Nxf6 12. Qe2 a6 13. Rfd1 Bd7 14. Nd6 Qc7 15. Nxf7 Rxf7 16. Rac1 Bg4 17. Bxf7+ Kxf7 18. f3 Qb6+ 1/2-1/2

[Event "Leverkusen op"]
[Site "Leverkusen"]
[Date "2004.05.03"]
[Round "9"]
[White "Peschel, Andreas"]
[Black "Wirfs, Joachim"]
[Result "1-0"]
[WhiteElo "2181"]
[BlackElo "2044"]
[PlyCount "63"]
[EventDate "2004.01.12"]
[EventType "swiss"]
[EventRounds "9"]
[EventCountry "GER"]
[SourceTitle "EXT 2006"]
[Source "ChessBase"]
[SourceDate "2005.11.24"]
[SourceVersion "1"]
[SourceVersionDate "2005.11.24"]
[SourceQuality "1"]

1. d4 Nf6 2. c4 e6 3. g3 d5 4. Nf3 b6 5. Ne5 Bb7 6. Qa4+ c6 7. Bg2 Bd6 8. Nc3 0-0 9. 0-0 Bxe5 10. dxe5 Nfd7 11. f4 Nc5 12. Qc2 Nba6 13. a3 dxc4 14. Rd1 Qe7 15. Ne4 Nxe4 16. Bxe4 Qc5+ 17. Kg2 Rad8 18. Bxh7+ Kh8 19. Be4 b5 20. Bd2 Qb6 21. a4 Nc7 22. axb5 cxb5 23. Ba5 Bxe4+ 24. Qxe4 Qc5 25. f5 Rxd1 26. Rxd1 Nd5 27. Rd4 b4 28. f6 g5 29. Kh3 Qxa5 30. Qf3 Kg8 31. Qh5 Nxf6 32. Qxg5+ 1-0

[Event "Leverkusen op"]
[Site "Leverkusen"]
[Date "2004.03.15"]
[Round "6"]
[White "Wirfs, Joachim"]
[Black "Balduan, Markus"]
[Result "0-1"]
[WhiteElo "2044"]
[BlackElo "2310"]
[PlyCount "96"]
[EventDate "2004.01.12"]
[EventType "swiss"]
[EventRounds "9"]
[EventCountry "GER"]
[SourceTitle "EXT 2006"]
[Source "ChessBase"]
[SourceDate "2005.11.24"]
[SourceVersion "1"]
[SourceVersionDate "2005.11.24"]
[SourceQuality "1"]

1. e4 c5 2. Nf3 g6 3. d4 cxd4 4. Nxd4 Bg7 5. Nc3 Nc6 6. Nb3 Nf6 7. Be2 0-0 8. Bg5 a6 9. a4 d6 10. 0-0 Be6 11. Be3 d5 12. exd5 Nxd5 13. Nxd5 Qxd5 14. Qc1 Rac8 15. Rd1 Qe5 16. Nd4 Nxd4 17. Rxd4 Rfd8 18. Rxd8+ Rxd8 19. c3 Bf5 20. Qf1 Bc2 21. a5 Qf5 22. Rc1 Bb3 23. Bb6 Rd2 24. Bf3 Qd7 25. Rb1 Bc2 26. Re1 Bd3 27. Be2 e5 28. Bxd3 Rxd3 29. g3 Rd5 30. Re2 h5 31. h4 f5 32. Qg2 e4 33. Kh2 Rd1 34. Be3 Be5 35. Bf4 Bf6 36. Be3 Kh7 37. Bb6 Bg7 38. Be3 Be5 39. Bf4 Bf6 40. Be3 Bg7 41. Bg5 Qd3 42. Re3 Qc2 43. Bf4 Qxb2 44. g4 Rd2 45. Bg3 hxg4 46. h5 Be5 47. hxg6+ Kxg6 48. Rxe4 Rxf2 0-1

[Event "Leverkusen op"]
[Site "Leverkusen"]
[Date "2004.02.16"]
[Round "4"]
[White "Wirfs, Joachim"]
[Black "Herrmann, Christoph"]
[Result "1-0"]
[WhiteElo "2044"]
[BlackElo "1804"]
[PlyCount "75"]
[EventDate "2004.01.12"]
[EventType "swiss"]
[EventRounds "9"]
[EventCountry "GER"]
[SourceTitle "EXT 2006"]
[Source "ChessBase"]
[SourceDate "2005.11.24"]
[SourceVersion "1"]
[SourceVersionDate "2005.11.24"]
[SourceQuality "1"]

1. d4 Nf6 2. c4 e6 3. Nf3 b6 4. g3 Bb7 5. Bg2 Bb4+ 6. Bd2 Bxd2+ 7. Nbxd2 0-0 8. 0-0 d6 9. Qc2 Nbd7 10. e4 e5 11. Rad1 Qe7 12. Rfe1 a5 13. a3 c5 14. dxe5 dxe5 15. Nb1 Rfe8 16. Nc3 Bc6 17. Rd2 Ra7 18. Red1 Nb8 19. Bh3 h6 20. Rd6 g5 21. Bf5 Kg7 22. Qd2 Rb7 23. Nxg5 Bd7 24. Nh7 Be6 25. Nxf6 Qxf6 26. Qe2 Kf8 27. Qf3 Kg7 28. h4 Kh8 29. Nd5 Qg7 30. Qh5 Rf8 31. Ne3 Re7 32. Ng4 Nd7 33. Nxh6 Nf6 34. Nxf7+ Kg8 35. Nh6+ Kh8 36. Nf7+ Kg8 37. Nh6+ Kh8 38. Qg5 1-0

[Event "Leverkusen op"]
[Site "Leverkusen"]
[Date "2004.02.02"]
[Round "3"]
[White "Kocur, Beata"]
[Black "Wirfs, Joachim"]
[Result "1/2-1/2"]
[WhiteElo "1715"]
[BlackElo "2044"]
[PlyCount "97"]
[EventDate "2004.01.12"]
[EventType "swiss"]
[EventRounds "9"]
[EventCountry "GER"]
[SourceTitle "EXT 2006"]
[Source "ChessBase"]
[SourceDate "2005.11.24"]
[SourceVersion "1"]
[SourceVersionDate "2005.11.24"]
[SourceQuality "1"]

1. e4 c5 2. Nf3 d6 3. d4 cxd4 4. Nxd4 Nf6 5. Nc3 a6 6. a4 e6 7. Nb3 Nc6 8. Be2 Be7 9. Bf4 Qc7 10. Qd2 0-0 11. 0-0 b6 12. Rad1 Rd8 13. Qe3 Bd7 14. Rd2 Ne5 15. Rfd1 Bc6 16. Bxe5 dxe5 17. Rxd8+ Bxd8 18. Bd3 Be7 19. Qe2 Qb7 20. f3 g6 21. Ra1 Nh5 22. g3 Qc8 23. Nd2 Bb7 24. Kg2 Qd8 25. Nc4 Qc7 26. Rb1 Bc5 27. b4 Bd4 28. Nd1 b5 29. Na5 bxa4 30. Nxb7 Qxb7 31. c3 Ba7 32. Bxa6 Qb6 33. Nb2 a3 34. Na4 Qd8 35. Ra1 Qg5 36. Kh1 Bf2 37. Qxf2 Rxa6 38. Nc5 Rd6 39. Nb3 Rd3 40. g4 Nf4 41. h4 Qd8 42. h5 Kg7 43. Ra2 Rd1+ 44. Kh2 Nd3 45. Qg3 Nc1 46. Nxc1 Rxc1 47. Qxe5+ Kg8 48. g5 Qb6 49. Qd4 1/2-1/2

[Event "Leverkusen op"]
[Site "Leverkusen"]
[Date "2004.01.12"]
[Round "1"]
[White "Meyer, Carsten"]
[Black "Wirfs, Joachim"]
[Result "1-0"]
[WhiteElo "2215"]
[BlackElo "2044"]
[PlyCount "105"]
[EventDate "2004.01.12"]
[EventType "swiss"]
[EventRounds "9"]
[EventCountry "GER"]
[SourceTitle "EXT 2006"]
[Source "ChessBase"]
[SourceDate "2005.11.24"]
[SourceVersion "1"]
[SourceVersionDate "2005.11.24"]
[SourceQuality "1"]

1. d4 Nf6 2. c4 e6 3. Nc3 Bb4 4. e3 b6 5. Nge2 Bb7 6. a3 Be7 7. Ng3 d5 8. cxd5 exd5 9. Bd3 0-0 10. 0-0 Re8 11. b4 Nbd7 12. Bb2 Bf8 13. Rc1 a6 14. Re1 g6 15. Qb3 c5 16. bxc5 bxc5 17. Qa2 Bh6 18. Rcd1 c4 19. Bf1 Ng4 20. Bc1 Qh4 21. h3 Ndf6 22. Nh1 Re7 23. g3 Qh5 24. Bg2 Rae8 25. hxg4 Nxg4 26. Qe2 Qh2+ 27. Kf1 Qh5 28. Bd2 Re6 29. Kg1 Qh2+ 30. Kf1 Qh5 31. Rb1 R8e7 32. Kg1 Rf6 33. Nxd5 Qh2+ 34. Kf1 Bxd5 35. Bxd5 Bxe3 36. Bxe3 Nxe3+ 37. Qxe3 Rxe3 38. Rxe3 Rd6 39. Bf3 Rxd4 40. Ke2 Qh3 41. g4 Qh4 42. Rb8+ Kg7 43. Ng3 Qg5 44. Ne4 Qa5 45. Rc8 Qb5 46. Kf1 Qb1+ 47. Kg2 Qb2 48. g5 Qb5 49. Rc7 Qb8 50. Nf6 Rd8 51. Ree7 Rf8 52. Bd5 Qb6 53. Rxf7+ 1-0

[Event "Bad Woerishofen op 19th"]
[Site "Bad Woerishofen"]
[Date "2003.03.20"]
[Round "8"]
[White "Klaus, Daniel"]
[Black "Wirfs, Joachim"]
[Result "1-0"]
[WhiteElo "2033"]
[BlackElo "1727"]
[PlyCount "49"]
[EventDate "2003.03.13"]
[EventType "swiss"]
[EventRounds "9"]
[EventCountry "GER"]
[SourceTitle "CBM 093 Extra"]
[Source "ChessBase"]
[SourceDate "2003.05.09"]
[SourceVersion "1"]
[SourceVersionDate "2003.05.09"]
[SourceQuality "1"]

1. e4 c5 2. Nf3 d6 3. d4 cxd4 4. Nxd4 Nf6 5. Nc3 g6 6. Be2 Bg7 7. Be3 0-0 8. f3 Nc6 9. Qd2 Bd7 10. 0-0-0 Rc8 11. Kb1 Ne5 12. g4 Nc4 13. Bxc4 Rxc4 14. Nce2 b5 15. Bh6 Qb6 16. h4 Rfc8 17. Bxg7 Kxg7 18. h5 e5 19. hxg6 fxg6 20. Qh6+ Kf7 21. g5 exd4 22. gxf6 Kxf6 23. Nf4 Be6 24. Qh4+ g5 25. Qh6+ 1-0

[Event "Bad Woerishofen op 19th"]
[Site "Bad Woerishofen"]
[Date "2003.03.17"]
[Round "5"]
[White "Wirfs, Joachim"]
[Black "Reichwald, Klaus Dieter"]
[Result "1-0"]
[WhiteElo "1727"]
[BlackElo "2027"]
[PlyCount "83"]
[EventDate "2003.03.13"]
[EventType "swiss"]
[EventRounds "9"]
[EventCountry "GER"]
[SourceTitle "CBM 093 Extra"]
[Source "ChessBase"]
[SourceDate "2003.05.09"]
[SourceVersion "1"]
[SourceVersionDate "2003.05.09"]
[SourceQuality "1"]

1. d4 Nf6 2. Nf3 g6 3. c4 Bg7 4. Nc3 d6 5. e4 0-0 6. Be2 Nbd7 7. 0-0 e5 8. d5 Nc5 9. Nd2 a5 10. a3 b6 11. Rb1 a4 12. f3 Nh5 13. b4 axb3 14. Nxb3 Nxb3 15. Qxb3 Nf4 16. Bxf4 exf4 17. Rfd1 f5 18. Nb5 fxe4 19. fxe4 Bd7 20. Rd3 Be5 21. Qd1 Qc8 22. Rbb3 g5 23. h3 Rf7 24. Bh5 Rg7 25. Bg4 Bxg4 26. hxg4 c6 27. dxc6 Qxc6 28. Nxd6 Rd7 29. Nf5 Qc5+ 30. Kh1 Rxd3 31. Rxd3 Re8 32. Rd8 Kf8 33. Qd7 Rxd8 34. Qxd8+ Kf7 35. Qxg5 f3 36. gxf3 Qxa3 37. Nh6+ Ke8 38. Qxe5+ Kd7 39. Qd5+ Kc7 40. Qd1 Qe3 41. Nf5 Qf2 42. e5 1-0

[Event "Baunatal op 8th"]
[Site "Baunatal"]
[Date "2002.08.11"]
[Round "7"]
[White "Wirfs, Joachim"]
[Black "Rafiee, Kayvan"]
[Result "1/2-1/2"]
[WhiteElo "1795"]
[BlackElo "2093"]
[PlyCount "30"]
[EventDate "2002.08.09"]
[EventType "swiss"]
[EventRounds "7"]
[EventCountry "GER"]
[SourceTitle "EXT 2003"]
[Source "ChessBase"]
[SourceDate "2002.11.25"]
[SourceVersion "1"]
[SourceVersionDate "2002.11.25"]
[SourceQuality "1"]

1. d4 Nf6 2. c4 g6 3. Nf3 Bg7 4. g3 0-0 5. Bg2 d6 6. 0-0 Nbd7 7. Nc3 e5 8. dxe5 Nxe5 9. Nxe5 dxe5 10. Qc2 c6 11. Rd1 Qc7 12. Bg5 Bf5 13. e4 Be6 14. b3 h6 15. Be3 Ng4 1/2-1/2

[Event "Baunatal op 8th"]
[Site "Baunatal"]
[Date "2002.08.10"]
[Round "4"]
[White "Algars, Olle"]
[Black "Wirfs, Joachim"]
[Result "0-1"]
[WhiteElo "2107"]
[BlackElo "1795"]
[PlyCount "118"]
[EventDate "2002.08.09"]
[EventType "swiss"]
[EventRounds "7"]
[EventCountry "GER"]
[SourceTitle "EXT 2003"]
[Source "ChessBase"]
[SourceDate "2002.11.25"]
[SourceVersion "1"]
[SourceVersionDate "2002.11.25"]
[SourceQuality "1"]

1. e4 c5 2. Nf3 d6 3. d4 cxd4 4. Nxd4 Nf6 5. Nc3 g6 6. Be2 Bg7 7. Be3 0-0 8. Qd2 Nc6 9. f4 a6 10. 0-0-0 Bd7 11. Nf3 b5 12. Bd3 Rc8 13. h3 Qa5 14. Kb1 b4 15. Ne2 Be6 16. Nc1 d5 17. Ng5 dxe4 18. Nxe6 fxe6 19. Bc4 Nd5 20. Nb3 Qd8 21. Bxd5 exd5 22. Qxd5+ Qxd5 23. Rxd5 Rfd8 24. Rhd1 Rxd5 25. Rxd5 e5 26. fxe5 Bxe5 27. Nd2 Rf8 28. Kc1 Bg7 29. Rd6 Rc8 30. Re6 Bd4 31. Rxc6 Rxc6 32. Bxd4 Re6 33. Be3 Kf7 34. Kd1 Kf6 35. Ke2 Kf5 36. Nb3 Re8 37. Bd2 Rc8 38. Ke3 a5 39. c3 a4 40. Nd4+ Ke5 41. cxb4 Kd5 42. a3 Rf8 43. b5 h5 44. Ba5 Rc8 45. Bc3 g5 46. Nf5 Rb8 47. Ne7+ Ke6 48. Nc6 Rf8 49. Bb4 Rg8 50. b6 Kd7 51. Ne5+ Kc8 52. Kxe4 Kb7 53. Bc5 Rc8 54. Kd3 Rxc5 55. Nc4 Rd5+ 56. Kc3 Rd1 57. Kb4 Rg1 58. Kxa4 Rxg2 59. Kb5 g4 0-1

[Event "Baunatal op 8th"]
[Site "Baunatal"]
[Date "2002.08.09"]
[Round "1"]
[White "Wirfs, Joachim"]
[Black "Gasthofer, Viktor"]
[Result "0-1"]
[WhiteElo "1795"]
[BlackElo "2329"]
[PlyCount "83"]
[EventDate "2002.08.09"]
[EventType "swiss"]
[EventRounds "7"]
[EventCountry "GER"]
[SourceTitle "EXT 2003"]
[Source "ChessBase"]
[SourceDate "2002.11.25"]
[SourceVersion "1"]
[SourceVersionDate "2002.11.25"]
[SourceQuality "1"]

1. d4 e6 2. c4 d5 3. Nc3 Nf6 4. Nf3 Be7 5. e3 0-0 6. Bd3 c5 7. 0-0 Nc6 8. cxd5 exd5 9. Bd2 Bg4 10. dxc5 Bxc5 11. Be2 Qe7 12. Re1 Rfd8 13. Rc1 Rac8 14. a3 Bd6 15. Nb5 Bb8 16. Nbd4 Ne4 17. Bc3 Rd6 18. Nxc6 Rdxc6 19. Qd4 Nxc3 20. bxc3 Be6 21. Bb5 Rc5 22. Bd3 Qf6 23. Qb4 Rxc3 24. Rcd1 b6 25. Ba6 Rf8 26. Rc1 Rxc1 27. Rxc1 h5 28. a4 Bg4 29. Be2 Bd6 30. Qd2 Rd8 31. h3 Be6 32. Bd3 Bxh3 33. Nd4 Bd7 34. Qe2 g6 35. Qe1 h4 36. a5 h3 37. g3 Re8 38. Ne2 bxa5 39. Nf4 g5 40. Qe2 gxf4 41. gxf4 Qg7+ 42. Kh1 0-1

[Event "Baunatal op 8th"]
[Site "Baunatal"]
[Date "2002.08.09"]
[Round "2"]
[White "Zichler, Walter"]
[Black "Wirfs, Joachim"]
[Result "0-1"]
[WhiteElo "1371"]
[BlackElo "1795"]
[PlyCount "78"]
[EventDate "2002.08.09"]
[EventType "swiss"]
[EventRounds "7"]
[EventCountry "GER"]
[SourceTitle "EXT 2003"]
[Source "ChessBase"]
[SourceDate "2002.11.25"]
[SourceVersion "1"]
[SourceVersionDate "2002.11.25"]
[SourceQuality "1"]

1. e4 c5 2. Nf3 d6 3. d4 cxd4 4. Nxd4 Nf6 5. Nc3 g6 6. Bc4 Bg7 7. Bg5 0-0 8. Qd2 Nc6 9. 0-0-0 Bd7 10. f4 Qa5 11. f5 Nxd4 12. Qxd4 Bc6 13. fxg6 hxg6 14. Qe3 Rfc8 15. Bh6 Ng4 16. Bxf7+ Kxf7 17. Qf3+ Nf6 18. Bxg7 Kxg7 19. Nd5 Bxd5 20. exd5 Qxa2 21. Rhe1 Rc7 22. c3 Rac8 23. Re3 b5 24. Rde1 Nxd5 25. R1e2 Nxe3 26. Qxe3 Qc4 27. Rd2 a5 28. Rd4 Qf1+ 29. Kc2 Qf5+ 30. Kb3 Qf7+ 31. Kc2 b4 32. Rf4 Qd5 33. Re4 e5 34. Rg4 Qe6 35. Rh4 Qf5+ 36. Kb3 bxc3 37. g4 Qf4 38. Qh3 Rb8+ 39. Ka3 Qb4+ 0-1